| 000 | 00477nam a22001697a 4500 | ||
|---|---|---|---|
| 003 | MACL | ||
| 005 | 20151226133601.0 | ||
| 008 | 151226b xxu||||| |||| 00| 0 eng d | ||
| 040 | _cMACL | ||
| 041 | _aEnglish | ||
| 082 | _a303/CHA | ||
| 100 |
_aChakrabarti,Ranjan _922843 |
||
| 245 | _aTerror Crime and Punishment Order and Disorder in Early Colonial Bengal 1800-1860 | ||
| 260 |
_aKolkata _bTandrita Chandra Readers Service _c2009 |
||
| 650 |
_aCrime _968 |
||
| 942 |
_2ddc _cBK |
||
| 999 |
_c51926 _d51926 |
||